000 01351nam a22003017a 4500
999 _c23477
_d23477
003 AR-CdUCM
008 260122b2024 pe ||||| |||| 00| 0 spa d
020 _a978-612-49796-1-3
040 _aMUNICIPALIDAD PROVINCIAL DEL CUSCO
_cBIBLIOTECA MUNICIPAL DEL CUSCO
041 _hspa
082 _a302.483.3 /
_bC78
100 _aCorbacho Carpio, Julia.
_952099
245 _aImpacto de las Redes Sociales en el sector Turismo /
260 _aCusco :
_bEstefany Lorena Vera Muñoz,
_c2024.
300 _a107 páginas. :
_c17 x 24 cm.
505 _aContenido: Capítulo 1. Generalidades -- Capítulo 2. Marketing y Promoción -- Capítulo 3. Influencia en la decisión de viaje -- Capítulo 4. Interacción y atención al cliente -- Capítulo 5. Gestión de la reputación -- Capítulo 6. Innovación en productos y servicios -- Capítulo 7. Análisis de tendencias y mercado -- Capítulo 8. Integración de experiencias.
650 _aDefinición
_941732
650 _aCaracterísticas principales
_952100
650 _aDescripción y funciones
_952101
650 _aImpacto de las redes
_952102
650 _aFunciones
_920052
650 _aRedes sociales
_944393
650 _aInfluencia de opiniones
_952103
650 _aDesarrollo de productos
_952104
650 _aPlataformas
_952105
942 _2ddc
_cLIBROS
945 _ajmcs
_d22/01/2026